00494nam a22001817a 450000500170000001000150001702000270003203500140005903700090007308200110008210000100009324500730010326000420017627000550021830000220027365000140029570000030030920240730161124.0 aENG-141098 a9788196508258c1500.00 aEN-124630 bDBAD a821.08 aJyoti aOCTAVIO PAZ ON INDIA:bJyoti Ghoshca Study In Hispanic Orientalism/ aKolkatabSatyabrata Chakrabartic2023 aThe Asiatic Society 1 Park StreetbKolkatae700009 a324p.c23cm (pbk) aBiography